000 00742nam a2200229Ia 4500
001 16070
003 GE_BSU
008 181216s||||||||xx |||||||||||||| ||und||
040 _cGE_BSU
080 _a821.353.1-31+821.353.1-32
100 _aჯაყელი, ჯემალ
245 _aსფინქსი სიბრძნისა
245 _bმოთხრობები
245 _cრედ.ლ.ბეჟანიძე. მხ.გ.ფუტკარაძე
260 _aბათუმი
260 _bსაბჭ. აჭარა
260 _c1977
300 _a223გვ. ; 20სმ
653 _aმოთხრობები
653 _aსფინქსი სიბრძნისა
942 _cBK
999 _c49159
_d49159